000 00563nam a22001937a 4500
942 _cBK
999 _c746
_d746
005 20250420134823.0
008 211114b ||||| |||| 00| 0 eng d
020 _a9780128119914
040 _cKCST
082 _a530.41
_bSo
100 _aCamley, Robert E., Stamps, Robert L. (editors)
_95517
245 _aSolid state physics /
_cRobert E. Camley, Robert L. Stamps (editors)
250 _avo. 68
260 _aAmsterdam :
_bAcademic Press,
_c2017.
300 _aix, 172 pages ;
_c23 cm
650 _aSolid state physics.
_95518
942 _2ddc